Príprava, štruktúra a fyzikálno-chemické vlastnosti kobaltnatých komplexov s alifatickými dikarboxylovými kyselinami diplomová práca

Saved in:
Bibliographic Details
Main Author: Brezovan, Marek
Format: Book
Language:Slovak
Published: Bratislava STU FCHPT 2018
Online Access:View in OPAC
Tags: Add Tag
No Tags, Be the first to tag this record!

MARC

LEADER 00000nam a2200000 a 4500
005 20260127134200.0
008 180622 2018 xo a 001 0 slo d
035 |a vtls011763622 
039 9 |y 201806221150  |z mschk03 
040 |a STUSCHK1  |b slo  |c STUSCHK1  |e AACR2 
100 1 |a Brezovan, Marek 
245 1 |a Príprava, štruktúra a fyzikálno-chemické vlastnosti kobaltnatých komplexov s alifatickými dikarboxylovými kyselinami  |b diplomová práca  |c Marek Brezovan 
260 |a Bratislava  |b STU FCHPT  |c 2018 
300 |a 120 s.  |b il.  |c 25 cm 
500 |a Študijný program: technická chémia 
500 |a Študijný odbor: chémia, chemické technológie 
500 |a Školiace pracovisko: Oddelenie anorganickej chémie 
500 |a Evid. číslo: FCHPT-104542-64952 
910 |a SCHK95 
999 |c 6077  |d 6077